| 000 | 00487 a2200169 4500 | ||
|---|---|---|---|
| 999 |
_c3162 _d3162 |
||
| 020 | _a9781779033017 | ||
| 050 | _aQ 55.8 CHA 2006 | ||
| 100 |
_aChavunduka, K _eauthor |
||
| 245 |
_aJunior secondary science students' book 1/ _cK Chavunduka, M Mutodi and P. Schulleri |
||
| 264 |
_aHarare : _bLongman _c2006 |
||
| 300 |
_a160p.: _bill. |
||
| 500 | _aIncludes index | ||
| 650 | _aScience | ||
| 700 |
_aMutodi, M _eauthor |
||
| 700 |
_aSchulleri, P _eauthor |
||
| 942 |
_2lcc _cBK _h55.8 _iCHA _kQ |
||